| 000 | 01973nam2a2200409 4500 | ||
|---|---|---|---|
| 001 | RU\NLR\BIBL_A\011357097 | ||
| 005 | 20260607083739.0 | ||
| 021 |
_aRU _b2017-13253 _9975 |
||
| 035 | _a(RuMoRGB)008806885 | ||
| 035 | _a(NLR Aleph) 011357097 | ||
| 090 |
_a11278919 _c11278919 |
||
| 100 | _a20170331d2016 |||y0rusy50 ca | ||
| 101 | 0 | _arus | |
| 102 | _aRU | ||
| 105 | _aa z 000zy | ||
| 200 | 0 |
_aИз рая в ад _e[Крым-Донбасс] |
|
| 210 |
_d2016 _aБ. м. |
||
| 215 | _a77 с., [22] л. цв. ил. | ||
| 333 | _a12+ | ||
| 461 | 0 |
_1001RU\NLR\BIBL_A\010471510 _12001#$aСел и поехал$e[очерки]$fПавел Кобяк$v[5] _1700#1$aКобяк$bП. Ф.$gПавел Федорович$4070 _910021878 _aКобяк, П. Ф. _cСанкт-Петербург _d2014 _fПавел Кобяк _nАмфора _o[очерки] _tСел и поехал _v[5] |
|
| 606 | 1 |
_aМотоциклетный туризм _yДонецкая область _92323044 _3RU\NLR\AUTH\6601614336 |
|
| 606 | 1 |
_aМотоциклетный туризм _yЛуганская область _92323049 _3RU\NLR\AUTH\6601614338 |
|
| 606 | 1 |
_aМотоциклетный туризм _yКрым _92323036 _3RU\NLR\AUTH\6601614333 |
|
| 606 | 1 |
_aТуристские маршруты _yКрым, Республика _92507570 _3RU\NLR\AUTH\6601701958 |
|
| 606 |
_aТуристские маршруты _yДонецкая область _91820225 _3RU\NLR\AUTH\661114573 |
||
| 606 |
_aТуристские маршруты _yЛуганская Народная Республика _3RU\NLR\AUTH\6601741841 _92592815 |
||
| 686 | 1 | _aЧ518.113.764(2Ук-4До) | |
| 686 | 1 | _aЧ518.115(2Ук-4До) | |
| 686 | 1 | _aЧ518.113.764(2Ук-4Л) | |
| 686 | 1 | _aЧ518.115(2Ук-4Л) | |
| 686 | 1 | _aЧ518.113.764(2Р-6Крм) | |
| 686 | 1 | _aЧ518.115(2Р-6Крм) | |
| 942 | _cBOOK | ||
| 980 | _aNBR | ||
| 980 | _aNB | ||